Highest Grossing #2 Movies, Part 2 Quiz Stats

 Plays Quiz not verified by Sporcle

Score 0/30 Timer 10:00
0 Plays Today
% Correct
Beauty and the Beast
100%
The Smurfs
98.2%
Alvin and the Chipmunks: Chipwrecked
93.4%
Lilo and Stitch
92.3%
The Great Gatsby
91.7%
Juno
89.7%
Ghostbusters
87.3%
Pokémon Detective Pikachu
86.5%
The Green Mile
86.2%
Grown Ups 2
84.1%
Mamma Mia!
83.7%
Good Will Hunting
83.4%
Sister Act
82.4%
The Blair Witch Project
81.8%
Live Free or Die Hard
81.7%
% Correct
Rio 2
81.4%
Kingsman: The Secret Service
68.9%
Sleepless in Seattle
68.1%
The Peanuts Movie
61.9%
The Last Airbender
61.6%
Honey, I Shrunk the Kids
61.2%
Once Upon a Time in Hollywood
60.6%
Cheaper by the Dozen
58.2%
Into the Woods
56.1%
Wanted
53.4%
My Best Friend's Wedding
50.8%
Prometheus
45.3%
Wonder
45.2%
Central Intelligence
41.3%
The Legend of Tarzan
37.8%

You're not logged in!

Compare scores with friends on all Sporcle quizzes.
OR
Log In

Sporcle TV

Today on Sporcle TV


Watch our educational content, quiz creation guides, and fun videos on Sporcle TV.

Show Comments

Extras

Top Quizzes Today


Score Distribution

Your Account Isn't Verified!

In order to create a playlist on Sporcle, you need to verify the email address you used during registration. Go to your Sporcle Settings to finish the process.

Report this User

Report this user for behavior that violates our Community Guidelines.

Details: